مكتبة جامعة عجلون الوطنية

فهرس بحث المكتبة

Normal view MARC view
  • ادارة الاعمال - الادارة التفيذية

Entry Topical Term

Number of records used in: 1

001 - CONTROL NUMBER

  • control field: 44835

003 - CONTROL NUMBER IDENTIFIER

  • control field: JO-AjAnu

005 - DATE AND TIME OF LATEST TRANSACTION

  • control field: 20230606081424.0

008 - FIXED-LENGTH DATA ELEMENTS

  • fixed length control field: 230606|| aca||aabn | a|a d

040 ## - CATALOGING SOURCE

  • Original cataloging agency: JO-AjAnu
  • Transcribing agency: JO-AjAnu

150 ## - HEADING--TOPICAL TERM

  • Topical term or geographic name entry element: ادارة الاعمال - الادارة التفيذية

670 ## - SOURCE DATA FOUND

  • Source citation: Work cat.: (JO-AjAnu)22957: اعداد آل ياسين، محمد محمد حسن, author 44834, المشاركة في اتخاذ القرار وعلاقتها بأبعاد الخطر وفاعلية القرار : دراسة استطلاعية لآراء عينة من القيادات الإدارية في القطاع الحكومي العراقي